Missing Homographs Quiz Stats

 Plays Quiz Updated Jan 27, 2018

Score 0/28 Timer 07:00
1 Play Today
% Correct
present
98.4%
desert
93.6%
tear
93%
row
92.7%
moped
92.4%
sake
92.3%
axes
92.2%
putting
91.9%
minute
91.7%
wound
91.6%
close
91.5%
wind
91.3%
bow
90.9%
lead
90.7%
% Correct
sewer
90.5%
bass
89.2%
object
89.1%
appropriate
89%
does
89%
polish
88.8%
subject
88.4%
refuse
88.1%
dove
87.3%
agape
86.1%
sow
83.1%
invalid
82%
intimate
78.6%
produce
74.4%

You're not logged in!

Compare scores with friends on all Sporcle quizzes.
OR
Log In

You Might Also Like...

Show Comments

Extras

Top Quizzes Today


Score Distribution

Your Account Isn't Verified!

In order to create a playlist on Sporcle, you need to verify the email address you used during registration. Go to your Sporcle Settings to finish the process.

Report this User

Report this user for behavior that violates our Community Guidelines.

Details: